| 000 | 01047cam a2200313 4500 | ||
|---|---|---|---|
| 001 | 369598 | ||
| 003 | ARRUPE | ||
| 005 | 20221121110720.0 | ||
| 008 | 860317s1970 enk 000 0 eng | ||
| 010 | _a 77555668 | ||
| 015 | _aB70-13142 | ||
| 020 |
_a0006223370 : _c5/- |
||
| 028 | _bArrupe | ||
| 040 |
_aDLC _cDLC _dDLC |
||
| 041 | 1 | _aengger | |
| 050 | 0 | 0 |
_aBX8066.T46 _bW513 1970 |
| 082 | 0 | 0 | _a201/.1 |
| 100 | 1 |
_aThielicke, Helmut, _d1908-1986. _934111 |
|
| 240 | 1 | 0 |
_aWie modern darf die Theologie sein? _lEnglish |
| 245 | 1 | 0 |
_aHow modern should theology be? _ctranslated [from the German] by H. George Anderson. |
| 260 |
_aLondon, _bFontana, _c1970. |
||
| 300 |
_avi, 90 p. _c18 cm. |
||
| 440 | 0 |
_aFontana religious _951876 |
|
| 500 | _aOriginally published as "Wie modern darf die Theologie sein?" Stuttgart, Quell-Verlag, 1967. | ||
| 650 | 0 |
_aLutheran Church _xSermons. _951877 |
|
| 650 | 0 |
_aSermons, German _xTranslations into English. _911677 |
|
| 906 |
_a7 _bcbc _corignew _d4 _encip _f19 _gy-gencatlg |
||
| 942 |
_2lcc _cMONOGRAPH |
||
| 999 |
_c131545 _d131545 |
||